000 00697nam a2200241Ia 4500
003 OSt
005 20220924132007.0
006 a|||||r|||| 00| 0
007 ta
008 220923b |||||||| |||| 00| 0 tel d
024 _a339723
037 _cTextual
040 _aARTS
_cARTS
_btel
041 _2tel
_atel
082 _aO35,1NCH89,1, M2
100 _aAkki Raju Chandramouli Sharma Au.
_9203491
245 0 _aSwayam Prakasa Prabodamu
260 _aVijayawada-2
_bSri Balaji Press India
_c1982
300 _a219p.
_ccm.
650 _aTELUGU LITERATURE
942 _hO35,1NCH89,1, M2
_cTEXL
_2CC
999 _c428935
_d428935